Between women (Record no. 60890)
[ view plain ]
| 000 -LEADER | |
|---|---|
| fixed length control field | 02945nam a2200433 a 4500 |
| 082 04 - DEWEY DECIMAL CLASSIFICATION NUMBER | |
| Classification number | 306.84/8094209034 |
| 100 1# - MAIN ENTRY--AUTHOR NAME | |
| Personal name | Marcus, Sharon, |
| 245 10 - TITLE STATEMENT | |
| Title | Between women |
| 260 ## - PUBLICATION, DISTRIBUTION, ETC. (IMPRINT) | |
| Place of publication | Princeton : |
| Name of publisher | Princeton University Press, |
| Year of publication | c2007. |
| 300 ## - PHYSICAL DESCRIPTION | |
| Number of Pages | x, 356 p. : |
| Other physical details | ill. |
| 505 0# - FORMATTED CONTENTS NOTE | |
| Formatted contents note | The female relations of Victorian England -- Friendship and the play of the system -- Just reading: female friendship and the marriage plot -- Dressing up and dressing down the feminine plaything -- The female accessory in Great expectations -- The genealogy of marriage -- Contracting female marriage in Can you forgive her? -- Woolf, Wilde and girl dates. |
| 520 ## - SUMMARY, ETC. | |
| Summary, etc | Women in Victorian England wore jewelry made from each other's hair and wrote poems celebrating decades of friendship. They pored over magazines that described the dangerous pleasures of corporal punishment. A few had sexual relationships with each other, exchanged rings and vows, willed each other property, and lived together in long-term partnerships described as marriages. But, as Sharon Marcus shows, these women were not seen as gender outlaws. Their desires were fanned by consumer culture and their friendships and unions were accepted and even encouraged by family, society, and church. Far from being sexless angels defined only by male desires, Victorian women openly enjoyed looking at and even dominating other women. Their friendships helped realize the ideal of companionate love between men and women celebrated by novels, and their unions influenced politicians and social thinkers to reform marriage law.--From publisher description. |
| 650 #0 - SUBJECT ADDED ENTRY--TOPICAL TERM | |
| Topical Term | Women |
| Topical Term | Women |
| Topical Term | Lesbians |
| Topical Term | Female friendship |
| Topical Term | Women in literature. |
| 856 40 - ELECTRONIC LOCATION AND ACCESS | |
| Uniform Resource Identifier | http://site.ebrary.com/lib/rucke/Doc?id=10320502 |
No items available.
